| 000 | 00945nam a2200217Ia 4500 | ||
|---|---|---|---|
| 003 | GCL | ||
| 008 | 140319s9999 xx 000 0 ara d | ||
| 020 | _a6 456 85516 1 | ||
| 040 |
_aGCL / _cGCL |
||
| 082 | 0 | 4 |
_a338.956 _bب ت |
| 100 | 1 | _aالبنك الدولى | |
| 245 | 1 | 0 |
_aتقرير عن التنمية فى الشرق الاوسط وشمال افريقيا : التجارة والاستثمار فى الشرق الاوسط وشمال افريقيا : _bالتفاعل مع العالم / _cالبنك الدولى |
| 260 |
_aبيروت : _bالبنك الدولى ، _c2004 |
||
| 300 |
_a389 ص ؛ _c28 سم |
||
| 650 | 0 | 4 | _aالتجارة الخارجية |
| 650 | 0 | 4 | _aالتجارة - تنظيم وادارة |
| 650 | 0 | 4 | _aالشرق الاوسط - الاقتصاد |
| 650 | 0 | 4 | _aالشرق الاوسط - الاحوال السياسية |
| 650 | 0 | 4 | _aافريقيا - الاحوال الاقتصادية |
| 942 |
_2ddc _cBK |
||
| 999 |
_c57032 _d57032 |
||